| 000 | 00369nam a22001697a 4500 | ||
|---|---|---|---|
| 005 | 20160530095606.0 | ||
| 008 | 160530b xxu||||| |||| 00| 0 eng d | ||
| 020 | _a81-7660-070-9 | ||
| 041 | _aeng | ||
| 082 | _b5914 | ||
| 100 |
_aKulkarni, M.V. _91477 |
||
| 245 | _aMarketing Research | ||
| 260 | _bHPH | ||
| 300 | _a242 | ||
| 650 |
_aManagement _9241 |
||
| 942 | _cBK | ||
| 999 |
_c2094 _d2093 |
||